000 00304nam a22001217a 4500
999 _c6044
_d6044
245 _aCredit reporting ACT, 2007 (ACT 726)
_cby Republic of Ghana
246 _aACT 726
260 _aAccra
_bAssembly Press
300 _a33p.
440 _aActs of Parliament
650 _aCredit Reporting Act.
942 _cREF